| 000 | 00500nam a2200145Ia 4500 | ||
|---|---|---|---|
| 008 | 230917s9999||||xx |||||||||||||| ||und|| | ||
| 040 |
_e167613 _aMAIN |
||
| 041 | _aEnglish | ||
| 082 | _a891.4317109 KR898:US | ||
| 100 | _aउषारानी | ||
| 245 | 0 | _aरामकुमार कृष्कः गीतों और गजलों में समाजिक संदर्भ | |
| 260 |
_aदिल्ली _bशिल्पायन _c1997 |
||
| 300 | _a111 पृ. p. | ||
| 942 | _cHN | ||
| 999 |
_c99040 _d99040 |
||